Using dBaseIII plus / (Record no. 4456)

000 -LEADER
fixed length control field 00354nam a22001337a 4500
008 - FIXED-LENGTH DATA ELEMENTS--GENERAL INFORMATION
fixed length control field 200804b ||||| |||| 00| 0 eng d
082 00 - DEWEY DECIMAL CLASSIFICATION NUMBER
Classification number 005.7565
Item number J762
100 ## - MAIN ENTRY--PERSONAL NAME
9 (RLIN) 3278
Personal name Jones, Edward
245 10 - TITLE STATEMENT
Title Using dBaseIII plus /
260 ## - PUBLICATION, DISTRIBUTION, ETC. (IMPRINT)
Place of publication, distribution, etc Osborne:
Name of publisher, distributor, etc McGraw-Hill,
Date of publication, distribution, etc 1987.
300 ## - PHYSICAL DESCRIPTION
Extent 516 p.
650 #0 - SUBJECT ADDED ENTRY--TOPICAL TERM
Topical term or geographic name as entry element Database Management
942 ## - ADDED ENTRY ELEMENTS (KOHA)
Item type Books
Holdings
Withdrawn status Lost status Source of classification or shelving scheme Damaged status Not for loan Permanent location Current location Date acquired Full call number Barcode Date last seen Koha item type
          IMU Kolkata IMU Kolkata 2020-08-04 005.7565 J762 07973 2020-08-04 Books
Designed and Maintained by IMU-KC Library, Kolkata Campus © Copyright All Rights Reserved

webs counters

Powered by Koha